Axis powers - Statistics

General Stats
  • This quiz has been taken 132 times
  • The average score is 17 of 30
Answer Stats
Hint Answer % Correct
The Tripartite Pact Germany
99%
The Tripartite Pact Japan
99%
The Tripartite Pact Italy
98%
Minor powers Bulgaria
88%
Minor powers Romania
85%
Minor powers Hungary
83%
Co-belligerent state combatants Finland
80%
Cooperations Vichy France
75%
Minor powers Thailand
71%
Client states Slovakia
64%
Client states Croatia
62%
Cooperations Spain
56%
Client states China
55%
Co-belligerent state combatants Iraq
55%
Client states Greece
54%
Cooperations Soviet Union
52%
Client states Albania
50%
Cooperations Denmark
45%
Client states Burma
44%
Client states India
44%
Client states Manchukuo
44%
Client states Serbia
44%
Minor powers Yugoslavia
44%
Client states Vietnam
40%
Client states Cambodia
36%
Client states Philippines
36%
Client states Laos
35%
Client states Mengjiang
31%
Client states Monaco
13%
Client states Italian Social Republic
11%
No matching quizzes found
Score Distribution
Percent of People with Each Score
Percentile by Number Answered
Your Score History
You have not taken this quiz